UM Logo

Weapons and disarming techniques: (Record no. 15020)

MARC details
000 -LEADER
fixed length control field 00680nam a22001937a 4500
008 - FIXED-LENGTH DATA ELEMENTS--GENERAL INFORMATION
fixed length control field 200205b ||||| |||| 00| 0 eng d
020 ## - INTERNATIONAL STANDARD BOOK NUMBER
International Standard Book Number 978-621-418-013-4
082 ## - DEWEY DECIMAL CLASSIFICATION NUMBER
Edition number 2017
Classification number DFil 613.607
Item number T299
100 ## - MAIN ENTRY--PERSONAL NAME
Personal name Teves, Marlon L.
9 (RLIN) 1977
245 ## - TITLE STATEMENT
Title Weapons and disarming techniques:
Remainder of title for criminology students and law enforcers/
Statement of responsibility, etc. Marlon L. Teves
260 ## - PUBLICATION, DISTRIBUTION, ETC. (IMPRINT)
Place of publication, distribution, etc. Quezon City:
Name of publisher, distributor, etc. Wiseman's Books Trading, Inc.,
Date of publication, distribution, etc. ©2017.
300 ## - PHYSICAL DESCRIPTION
Extent x, 80 pages:
Other physical details illustrations;
Dimensions 22 cm.
500 ## - GENERAL NOTE
General note Includes bibliography.
650 ## - SUBJECT ADDED ENTRY--TOPICAL TERM
Topical term or geographic name as entry element Self-Defense
Form subdivision Study and teaching
9 (RLIN) 42436
650 ## - SUBJECT ADDED ENTRY--TOPICAL TERM
Source of heading or term Weapons and weaponry
650 ## - SUBJECT ADDED ENTRY--TOPICAL TERM
Source of heading or term Disarming techniques
365 ## - TRADE PRICE
Price amount 550.00
Currency code Php
942 ## - ADDED ENTRY ELEMENTS (KOHA)
Source of classification or shelving scheme Dewey Decimal Classification
Koha item type Filipiniana
Holdings
Withdrawn status Lost status Source of classification or shelving scheme Damaged status Not for loan Collection code Home library Current library Date acquired Source of acquisition Cost, normal purchase price Total Checkouts Full call number Barcode Date last seen Copy number Price effective from Koha item type
    Dewey Decimal Classification     Filipiniana UM Digos College - LIC UM Digos College - LIC 08/08/2019 Purchased 550.00   DFil 613.607 T299 2017 25820 05/15/2025 1 02/05/2020 Filipiniana
    Dewey Decimal Classification     Filipiniana UM Digos College - LIC UM Digos College - LIC 08/08/2019 Purchased 550.00   DFil 613.607 T299 2017 25821 05/15/2025 2 02/05/2020 Filipiniana
    Dewey Decimal Classification     Filipiniana UM Digos College - LIC UM Digos College - LIC 08/08/2019 Purchased 550.00   DFil 613.607 T299 2017 25822 05/15/2025 3 02/05/2020 Filipiniana